<?xml version="1.0" encoding="UTF-8"?>
<record
    xmlns:xsi="http://www.w3.org/2001/XMLSchema-instance"
    xsi:schemaLocation="http://www.loc.gov/MARC21/slim http://www.loc.gov/standards/marcxml/schema/MARC21slim.xsd"
    xmlns="http://www.loc.gov/MARC21/slim">

  <leader>02688nam a22002777a 4500</leader>
  <controlfield tag="005">20140502102619.0</controlfield>
  <datafield tag="010" ind1=" " ind2=" ">
    <subfield code="a">ENG-109660</subfield>
  </datafield>
  <datafield tag="020" ind1=" " ind2=" ">
    <subfield code="c">750.00</subfield>
    <subfield code="a">9789339203986</subfield>
  </datafield>
  <datafield tag="020" ind1=" " ind2=" ">
    <subfield code="c">750.00</subfield>
    <subfield code="a">9339203984</subfield>
  </datafield>
  <datafield tag="035" ind1=" " ind2=" ">
    <subfield code="a">EN-93193</subfield>
  </datafield>
  <datafield tag="037" ind1=" " ind2=" ">
    <subfield code="b">DBAD/PUB</subfield>
  </datafield>
  <datafield tag="082" ind1=" " ind2=" ">
    <subfield code="a">004.6782</subfield>
  </datafield>
  <datafield tag="100" ind1=" " ind2=" ">
    <subfield code="a">New,Michael </subfield>
  </datafield>
  <datafield tag="245" ind1="0" ind2="0">
    <subfield code="a">Oracle Enterprise Manager Cloud Control 12c deep dive /</subfield>
    <subfield code="c">by Michael New, Edward Whalen [and]  Matthew Burke</subfield>
  </datafield>
  <datafield tag="260" ind1=" " ind2=" ">
    <subfield code="a">New Delhi</subfield>
    <subfield code="b">McGraw Hill Education </subfield>
    <subfield code="c">2014</subfield>
  </datafield>
  <datafield tag="270" ind1=" " ind2=" ">
    <subfield code="a">P-24, Green Park Extn.</subfield>
    <subfield code="b">New Delhi</subfield>
    <subfield code="e">110016</subfield>
  </datafield>
  <datafield tag="300" ind1=" " ind2=" ">
    <subfield code="a">xxv,607p.</subfield>
    <subfield code="c">24cm(pbk)</subfield>
  </datafield>
  <datafield tag="505" ind1=" " ind2=" ">
    <subfield code="a">Machine generated contents note: Introduction and Front Matter -- Part I: Implementing and Maintaining 11g Grid Control -- 1. Overview of New 11g GC Architecture -- 2. GC Prerequisites and Preinstallation of Database and WebLogic -- 3. GC Installation and Post Installation -- 4. Installing Management Agents -- 5. GC Console Configuration -- 6. Securing Enterprise Manager and Configuring for Firewalls -- 7. Maintaining GC -- Part II: GC for Database, System, Storage and Middleware Administrators -- 8. DBAs: Manage Databases with GC -- 9. System and Storage Admins: Manage Hosts and Storage with GC -- 10. Middleware Admins: Manage Middleware with GC -- Part III: Notable Management Packs and System Monitoring Plug-ins -- 11. Overview of all Management Packs and Plug-ins -- 12. Provisioning and Patch Automation Pack -- 13. Oracle VM Management Pack -- 14. SOA and Middleware Packs -- Part IV: Administering Oracle E-Business Suite with Management Packs and Accelerators -- 15. Application Management Suite for Oracle E-Business Suite -- 16. Application Testing Suite and Oracle Real Application Testing and Accelerator for EBS -- 17. Real User Experience Insight (RUEI) and the Accelerator for Oracle EBS</subfield>
  </datafield>
  <datafield tag="520" ind1=" " ind2=" ">
    <subfield code="a">"Achieve peak database efficiency and derive unprecedented value from your corporate assets by implementing an end-to-end cloud computing solution. Oracle Enterprise Manager Cloud Control 12c Deep Dive thoroughly explains best practices for deployment, administration, and monitoring. Discover how to prepare and install Oracle Enterprise Manager Cloud Control 12c, use agents, apply system-wide patches, perform real-time diagnostics, and provision hosts, databases, and middleware. Security, plug-ins, and virtualization are also fully covered in this Oracle Press guide"-- |c Provided by publisher.</subfield>
  </datafield>
  <datafield tag="650" ind1=" " ind2=" ">
    <subfield code="a">Computational grids (Computer systems)</subfield>
  </datafield>
  <datafield tag="650" ind1=" " ind2=" ">
    <subfield code="a"> Cloud computing.</subfield>
  </datafield>
  <datafield tag="650" ind1=" " ind2=" ">
    <subfield code="a">COMPUTERS / Database Management / Data Warehousing.</subfield>
  </datafield>
  <datafield tag="700" ind1=" " ind2=" ">
    <subfield code="a">Whalen, Edward</subfield>
  </datafield>
  <datafield tag="700" ind1=" " ind2=" ">
    <subfield code="a">Burke, Matthew</subfield>
  </datafield>
  <datafield tag="942" ind1=" " ind2=" ">
    <subfield code="2">ddc</subfield>
    <subfield code="c">EN</subfield>
    <subfield code="m">NEW</subfield>
    <subfield code="h">004.6782</subfield>
  </datafield>
  <datafield tag="999" ind1=" " ind2=" ">
    <subfield code="c">83291</subfield>
    <subfield code="d">83291</subfield>
  </datafield>
  <datafield tag="952" ind1=" " ind2=" ">
    <subfield code="0">0</subfield>
    <subfield code="1">0</subfield>
    <subfield code="4">0</subfield>
    <subfield code="7">1</subfield>
    <subfield code="8">NFIC</subfield>
    <subfield code="a">DBAD</subfield>
    <subfield code="b">DBAD</subfield>
    <subfield code="d">2014-04-04</subfield>
    <subfield code="e">DBAD/PUB</subfield>
    <subfield code="g">750.00</subfield>
    <subfield code="l">0</subfield>
    <subfield code="o">004.6782 NEW</subfield>
    <subfield code="p">EN-93193</subfield>
    <subfield code="r">2014-04-04 00:00:00</subfield>
    <subfield code="t">1</subfield>
    <subfield code="v">750.00</subfield>
    <subfield code="y">EN</subfield>
  </datafield>
</record>
